[Event "Frankfurt Ch A 2015"]
[Site "Ffm-Höchst, BiKuZ"]
[Date "2015.04.27"]
[Round "1.28"]
[White "Egenolf, Dirk"]
[Black "Laufenburg, Frank"]
[Result "0-1"]
[WhiteElo "1930"]
[BlackElo "1595"]
[PlyCount "68"]
[EventDate "2015.??.??"]
[WhiteTeam "SK Niederbrechen"]
[BlackTeam "SC Bergen-Enkheim"]

1. e4 c6 2. Nf3 d5 3. Nc3 d4 4. Ne2 c5 5. d3 Nc6 6. g3 e5 7. Bg2 Be7 8. O-O Nf6
9. h3 h6 10. Ne1 O-O 11. f4 Be6 12. f5 Bd7 13. g4 Nh7 14. Bd2 Qb6 15. b3 Rfc8
16. Nf3 f6 17. h4 Qd8 18. Rf2 b5 19. Ng3 a5 20. Bf1 Be8 21. Qc1 Bf7 22. Rg2 c4
23. Nh5 c3 24. Be1 a4 25. Rb1 axb3 26. axb3 Ra2 27. Nxg7 Kxg7 28. g5 fxg5 29.
hxg5 Nxg5 30. Nxg5 Bxg5 31. Bh4 Kf8 32. Bxg5 hxg5 33. Rxg5 Rxc2 34. Qxc2 Qxg5+
0-1

[Event "Frankfurt Ch A 2015"]
[Site "Ffm-Höchst, BiKuZ"]
[Date "2015.04.27"]
[Round "1.29"]
[White "Imelmann, Esther"]
[Black "Breitwieser, Jasmin"]
[Result "0-1"]
[WhiteElo "1590"]
[BlackElo "1925"]
[PlyCount "60"]
[EventDate "2015.??.??"]
[WhiteTeam "Vorw.Orient Mainz"]
[BlackTeam "SF Frankfurt"]

1. d4 d5 2. c4 e6 3. Nc3 c5 4. dxc5 d4 5. Ne4 Bxc5 6. Nxc5 Qa5+ 7. Bd2 Qxc5 8.
Nf3 Nc6 9. e3 e5 10. exd4 exd4 11. h3 Bf5 12. Nh4 Qe7+ 13. Qe2 Be4 14. Nf3 d3
15. Qe3 Nf6 16. O-O-O O-O 17. Bc3 Rfe8 18. Qg5 Nb4 19. Qa5 Nc6 20. Qg5 Rad8 21.
a3 Qe6 22. Nd2 Bg6 23. f3 Nd4 24. g4 Ne2+ 25. Bxe2 dxe2 26. Rde1 h6 27. Qf4 Qd7
28. h4 Qd3 29. Ne4 Nxe4 30. Rxe2 Nxc3 0-1

[Event "Frankfurt Ch A 2015"]
[Site "Ffm-Höchst, BiKuZ"]
[Date "2015.04.27"]
[Round "1.30"]
[White "Schmitt, Hans Walter"]
[Black "Bergmann, Michael"]
[Result "1/2-1/2"]
[WhiteElo "1917"]
[BlackElo "1590"]
[PlyCount "47"]
[EventDate "2015.??.??"]
[WhiteTeam "SC Bad Soden"]
[BlackTeam "SF Frankfurt"]

1. d4 Nf6 2. Nf3 g6 3. c4 Bg7 4. Nc3 d6 5. e4 O-O 6. Be2 Nbd7 7. O-O e5 8. Be3
Re8 9. Nd2 exd4 10. Bxd4 b6 11. f3 Bb7 12. Rc1 a5 13. Qc2 Nxe4 14. Bxg7 Nxd2
15. Qxd2 Kxg7 16. Nd5 Bxd5 17. cxd5 Nc5 18. Bb5 Re5 19. f4 Re4 20. f5 Qf6 21.
fxg6 Qxg6 22. Rf3 Rg4 23. Rcf1 Rf8 24. h3 {Now black play the illegal 24...
Dd4+, 25.Dxd4 Txd4, 26.Tg3+ Kh8, 27.Tgf3 Kh7, 28.Tg3+ Kh8, 29.Tgf3 Kg7. Nun
setzte Schwarz mit dem illegalen 24... Dd4+, 25.Dxd4 Txd4, 26.Tg3+ Kh8, 27.
Tgf3 Kh7, 28.Tg3+ Kh8, 29.Tgf3 Kg7 fort.} 1/2-1/2

[Event "Frankfurt Ch A 2015"]
[Site "Ffm-Höchst, BiKuZ"]
[Date "2015.04.27"]
[Round "1.31"]
[White "Leichum, Engelbert"]
[Black "Rutsatz, Mario"]
[Result "0-1"]
[WhiteElo "1578"]
[BlackElo "1917"]
[PlyCount "104"]
[EventDate "2015.??.??"]
[WhiteTeam "vereinslos"]
[BlackTeam "SF Frankfurt"]

1. e4 e6 2. Nf3 c5 3. d4 cxd4 4. Nxd4 Nc6 5. Nc3 Nf6 6. Bf4 d6 7. Nxc6 bxc6 8.
Bg5 Be7 9. Bd3 h6 10. Bh4 Rb8 11. b3 Qa5 12. Qd2 d5 13. Ne2 Qxd2+ 14. Kxd2
Nxe4+ 15. Bxe4 Bxh4 16. Bf3 Bxf2 17. Rad1 O-O 18. h4 e5 19. Ng1 e4 20. Be2 Bg3
21. Rf1 Be6 22. Bd1 d4 23. Ne2 Be5 24. g3 Rbd8 25. Nf4 Bxf4+ 26. Rxf4 e3+ 27.
Kd3 c5 28. g4 Bc8 29. Kc4 e2 30. Bxe2 Ba6+ 31. Kxc5 Bxe2 32. Rxd4 Rxd4 33. Kxd4
Bxg4 34. c4 Rd8+ 35. Kc3 f5 36. Rf1 Kf7 37. c5 Ke6 38. Rf2 g5 39. hxg5 hxg5 40.
b4 f4 41. c6 Bf5 42. b5 Rd3+ 43. Kc4 Kd6 44. a4 f3 45. a5 g4 46. Rh2 Re3 47.
Rh6+ Re6 48. Rh2 Re2 49. Rh6+ Be6+ 50. Kd3 Re5 51. Rh7 f2 52. Rh1 Re1 0-1

[Event "Frankfurt Ch A 2015"]
[Site "Ffm-Höchst, BiKuZ"]
[Date "2015.04.27"]
[Round "1.32"]
[White "Rolf, Marco"]
[Black "Heun, Andreas"]
[Result "1-0"]
[WhiteElo "1913"]
[BlackElo "1571"]
[PlyCount "61"]
[EventDate "2015.??.??"]
[WhiteTeam "SK Bad Homburg"]
[BlackTeam "SC Ladja Roßdorf"]

1. d4 d5 2. c4 e6 3. Nc3 Nf6 4. cxd5 exd5 5. Bg5 Be7 6. e3 O-O 7. Qc2 a5 8. Bd3
h6 9. Bh4 Na6 10. a3 c6 11. Nf3 Re8 12. O-O Nc7 13. Ne5 Be6 14. Rae1 Nd7 15.
Bxe7 Qxe7 16. f4 Nxe5 17. dxe5 g6 18. Ne2 c5 19. f5 gxf5 20. Ng3 c4 21. Bxf5
Qg5 22. Qe2 Qg7 23. Nh5 Qxe5 24. Nf6+ Kf8 25. Bxe6 Qxe6 26. Qh5 Red8 27. Qxh6+
Ke7 28. e4 Rh8 29. Qg5 Qb6+ 30. Rf2 Kd6 31. exd5 1-0

[Event "Frankfurt Ch A 2015"]
[Site "Ffm-Höchst, BiKuZ"]
[Date "2015.04.27"]
[Round "1.33"]
[White "Mehl, Ulrich"]
[Black "Kellerwessel, Ralf"]
[Result "1/2-1/2"]
[WhiteElo "1571"]
[BlackElo "1913"]
[PlyCount "49"]
[EventDate "2015.??.??"]
[WhiteTeam "TSG Nieder-Erlenbach"]
[BlackTeam "SC Bad Soden"]

1. d4 f5 2. c4 g6 3. Nc3 Bg7 4. Nf3 Nf6 5. Bg5 d6 6. e3 O-O 7. Bd3 Nc6 8. O-O
a6 9. e4 fxe4 10. Nxe4 Bg4 11. Nxf6+ Bxf6 12. Bxf6 Bxf3 13. Qxf3 Rxf6 14. Qe4
e5 15. dxe5 dxe5 16. Rad1 Rf4 17. Qe3 Rd4 18. f4 Qd6 19. fxe5 Nxe5 20. Be2 Rd8
21. Qb3 Qc5 22. Kh1 b6 23. Qh3 Rxd1 24. Qe6+ Kg7 25. Qf6+ 1/2-1/2

[Event "Frankfurt Ch A 2015"]
[Site "Ffm-Höchst, BiKuZ"]
[Date "2015.04.27"]
[Round "1.34"]
[White "Kuhn, Gerhard"]
[Black "Bergner, Matthias"]
[Result "1-0"]
[WhiteElo "1912"]
[BlackElo "1558"]
[PlyCount "33"]
[EventDate "2015.??.??"]
[WhiteTeam "SK Marburg"]
[BlackTeam "SV Neu-Isenburg"]

1. e4 e6 2. d4 d5 3. Nd2 dxe4 4. Nxe4 Be7 5. Bd3 Nf6 6. Nf3 b6 7. O-O Bb7 8.
Qe2 O-O 9. Re1 Nbd7 10. Neg5 g6 11. Nxe6 Bxf3 12. gxf3 fxe6 13. Qxe6+ Rf7 14.
Bc4 Qe8 15. Qxe7 Qxe7 16. Rxe7 Raf8 17. Bh6 1-0

[Event "Frankfurt Ch A 2015"]
[Site "Ffm-Höchst, BiKuZ"]
[Date "2015.04.27"]
[Round "1.35"]
[White "Jähnert, Wolfgang"]
[Black "Kolker, Vladislav"]
[Result "0-1"]
[WhiteElo "1557"]
[BlackElo "1908"]
[PlyCount "105"]
[EventDate "2015.??.??"]
[WhiteTeam "SC Nidderau"]
[BlackTeam "SC Bad Nauheim"]

1. d4 Nf6 2. Nf3 g6 3. g3 Bg7 4. Bg2 O-O 5. O-O d6 6. c3 Nbd7 7. Nbd2 e5 8.
dxe5 dxe5 9. Nb3 Re8 10. Bg5 h6 11. Bxf6 Qxf6 12. e3 Qe7 13. Nfd2 f5 14. Re1 a5
15. Nf1 a4 16. Nbd2 a3 17. Bd5+ Kh7 18. bxa3 Rxa3 19. Bb3 e4 20. Rc1 b5 21. Nb1
Ra6 22. Qc2 c5 23. c4 b4 24. Rcd1 Ne5 25. Kg2 Nf3 26. Re2 Rd8 27. Rxd8 Qxd8 28.
Kh1 Rd6 29. Nfd2 Ne5 30. Nf1 h5 31. Rd2 Nd3 32. Kg1 h4 33. a3 Qg5 34. Qd1 hxg3
35. fxg3 f4 36. h4 Qe7 37. gxf4 Bf6 38. Bc2 Bf5 39. axb4 cxb4 40. h5 g5 41. Ng3
Qe6 42. Bxd3 exd3 43. Qf3 Bc3 44. Nxf5 Qxf5 45. Rd1 g4 46. Qg2 d2 47. Qb7+ Kh6
48. Qb5 Qe4 49. Qg5+ Kh7 50. Qc5 Qc2 51. Qc7+ Bg7 52. Qxd6 Qxd1+ 53. Kh2 0-1

[Event "Frankfurt Ch A 2015"]
[Site "Ffm-Höchst, BiKuZ"]
[Date "2015.04.27"]
[Round "1.36"]
[White "Beinrucker, Clemens"]
[Black "Günther, Rainer"]
[Result "1-0"]
[WhiteElo "1902"]
[BlackElo "1554"]
[PlyCount "55"]
[EventDate "2015.??.??"]
[WhiteTeam "SK Niederbrechen"]
[BlackTeam "SV Mainz-Mombach"]

1. e4 c5 2. Nc3 d6 3. f4 g6 4. Nf3 Bg7 5. Bc4 e6 6. O-O Nc6 7. d3 Nge7 8. Qe1
a6 9. Ne2 b5 10. Bb3 Na5 11. c3 Nxb3 12. axb3 Bb7 13. Qh4 Nc6 14. Qh3 Na5 15.
f5 Nxb3 16. fxe6 f6 17. Bh6 Bxh6 18. Qxh6 Nxa1 19. Qg7 Rf8 20. Qxb7 Nc2 21. e7
Qxe7 22. Qxa8+ Kf7 23. Qxa6 Ne3 24. Ra1 Qe6 25. Nf4 Qg4 26. Qb7+ Kg8 27. Ra7
Nf5 28. Qxh7# 1-0

[Event "Frankfurt Ch A 2015"]
[Site "Ffm-Höchst, BiKuZ"]
[Date "2015.04.27"]
[Round "1.37"]
[White "Schlumbohm, Nils"]
[Black "Rudolph, Lukas"]
[Result "0-1"]
[WhiteElo "1549"]
[BlackElo "1899"]
[PlyCount "62"]
[EventDate "2015.??.??"]
[WhiteTeam "TSG Nieder-Erlenbach"]
[BlackTeam "SK Niederbrechen"]

1. d4 d5 2. c4 c6 3. Nf3 e6 4. Nc3 dxc4 5. e4 b5 6. a4 Bb4 7. Bd2 a5 8. b3 Bxc3
9. Bxc3 b4 10. Bd2 c3 11. Bg5 f6 12. Be3 Ne7 13. Bc4 O-O 14. Qe2 Kh8 15. O-O-O
Ba6 16. h4 Qc8 17. h5 Nd7 18. h6 g6 19. Rhe1 Nb6 20. Bd3 Bxd3 21. Rxd3 Qa6 22.
Qd1 Rad8 23. d5 cxd5 24. Bc5 Qb7 25. exd5 e5 26. d6 Nc6 27. Bxb6 Qxb6 28. d7
Qc7 29. Rd6 Nd4 30. Rxd4 exd4 31. Ng5 Qf4+ 0-1

[Event "Frankfurt Ch A 2015"]
[Site "Ffm-Höchst, BiKuZ"]
[Date "2015.04.27"]
[Round "1.38"]
[White "Göbel, Andreas"]
[Black "John, Volkmar"]
[Result "1-0"]
[WhiteElo "1897"]
[BlackElo "1540"]
[PlyCount "65"]
[EventDate "2015.??.??"]
[WhiteTeam "SC Brett vorm Kopp"]
[BlackTeam "SK Herborn"]

1. c4 Nf6 2. Nc3 d5 3. d4 e6 4. Bg5 Be7 5. e3 O-O 6. Nf3 Ne4 7. Bxe7 Qxe7 8.
Bd3 Nxc3 9. bxc3 dxc4 10. Bxc4 b6 11. O-O Bb7 12. Qe2 Nd7 13. e4 c5 14. Rac1
Nf6 15. Bd3 Rfd8 16. Rfd1 h6 17. Bb1 cxd4 18. cxd4 Rac8 19. Rxc8 Rxc8 20. h3
Rc3 21. Nd2 Qc7 22. Nb3 a5 23. Qe1 g6 24. Nc5 Rc4 25. Nxb7 Qxb7 26. d5 exd5 27.
exd5 Rc5 28. Be4 Nxe4 29. Qxe4 Qd7 30. d6 f5 31. Qh4 Kg7 32. Qd4+ Kh7 33. Re1
1-0

[Event "Frankfurt Ch A 2015"]
[Site "Ffm-Höchst, BiKuZ"]
[Date "2015.04.27"]
[Round "1.39"]
[White "Münstermann, Matthias"]
[Black "Rondonuwu, Grover"]
[Result "0-1"]
[WhiteElo "1532"]
[BlackElo "1894"]
[PlyCount "84"]
[EventDate "2015.??.??"]
[WhiteTeam "SK Langen"]
[BlackTeam "Frankfurter TV"]

1. e4 c5 2. Nf3 e6 3. d4 cxd4 4. Nxd4 Nc6 5. Nc3 Qc7 6. Be3 a6 7. Be2 Nf6 8.
O-O b5 9. a3 Bb7 10. f3 Be7 11. Rc1 Rc8 12. Qd2 Ne5 13. h3 O-O 14. f4 Nc4 15.
Bxc4 Qxc4 16. e5 Nd5 17. Nxd5 Qxd5 18. Nf3 Qc6 19. Rfd1 Rfd8 20. c3 d6 21. Qc2
Qc7 22. Bd4 Bxf3 23. gxf3 g6 24. Qf2 d5 25. b4 Rb8 26. h4 h5 27. Kh2 Rdc8 28.
Rg1 Kh7 29. Rg2 a5 30. Qc2 Bxh4 31. Rcg1 Rg8 32. Kh1 Be7 33. Rh2 h4 34. Bc5
Bxc5 35. Rxh4+ Kg7 36. bxc5 Rh8 37. Rxh8 Rxh8+ 38. Kg2 Qxc5 39. Rb1 Qe3 40.
Rxb5 Qxf4 41. Kg1 Qxf3 42. Qg2 Qe3+ 0-1

[Event "Frankfurt Ch A 2015"]
[Site "Ffm-Höchst, BiKuZ"]
[Date "2015.04.27"]
[Round "1.40"]
[White "Zimpfer, Andreas"]
[Black "Kletzerman, Simon"]
[Result "1-0"]
[WhiteElo "1890"]
[BlackElo "1531"]
[PlyCount "103"]
[EventDate "2015.??.??"]
[WhiteTeam "SC Butzbach"]
[BlackTeam "TuS Makkabi"]

1. d4 d5 2. c4 e6 3. cxd5 exd5 4. Nc3 c6 5. Qc2 Be6 6. Bf4 Bd6 7. Bxd6 Qxd6 8.
e3 Ne7 9. Bd3 h6 10. Nge2 Nd7 11. O-O Nf6 12. f3 a6 13. e4 Nd7 14. e5 Qc7 15.
f4 f5 16. exf6 Nxf6 17. Rae1 O-O-O 18. Na4 Bg8 19. Ng3 Bh7 20. Bxh7 Nxh7 21.
Nc5 Nf8 22. f5 Ng8 23. Rf2 Nf6 24. Rfe2 Qf4 25. Qc3 N6d7 26. Nd3 Qd6 27. Re7 g6
28. a4 Rh7 29. R7e3 Rf7 30. Ne5 Rf6 31. b4 gxf5 32. Nh5 f4 33. Nxf6 fxe3 34.
Nfxd7 Nxd7 35. Nf7 Qg6 36. Nxd8 Kxd8 37. b5 axb5 38. axb5 cxb5 39. Qa5+ Qb6 40.
Qxb6+ Nxb6 41. Rb1 Kc7 42. Rxb5 Kc6 43. Rc5+ Kd6 44. Kf1 Nc4 45. Ke2 b6 46. Rc8
Kd7 47. Rh8 Kc6 48. Rxh6+ Kb5 49. g4 Ka5 50. g5 b5 51. g6 Nd6 52. g7 1-0

[Event "Frankfurt Ch A 2015"]
[Site "Ffm-Höchst, BiKuZ"]
[Date "2015.04.27"]
[Round "1.41"]
[White "Wagner, Günter"]
[Black "Schmitt, Roland"]
[Result "0-1"]
[WhiteElo "1529"]
[BlackElo "1884"]
[PlyCount "58"]
[EventDate "2015.??.??"]
[WhiteTeam "SV Groß-Gerau"]
[BlackTeam "SK Großsachsen"]

1. Nf3 Nf6 2. g3 g6 3. Bg2 Bg7 4. O-O O-O 5. d4 d6 6. c4 c5 7. d5 e6 8. Nc3
exd5 9. Nxd5 Nxd5 10. Qxd5 Nc6 11. Rd1 Be6 12. Qxd6 Qb6 13. Bg5 h6 14. Be3 Qxb2
15. Qxc5 Rfd8 16. Rdc1 Qxe2 17. Bf1 Qxf3 18. Bg2 Qf5 19. Rab1 Rac8 20. Qa3 Rd3
21. Qa4 Nd4 22. Bf1 Nf3+ 23. Kg2 Qh3+ 24. Kxf3 Bg4+ 25. Kf4 g5+ 26. Ke4 Bf5+
27. Kf3 Qg4+ 28. Kg2 Be4+ 29. f3 Qxf3+ 0-1

[Event "Frankfurt Ch A 2015"]
[Site "Ffm-Höchst, BiKuZ"]
[Date "2015.04.27"]
[Round "1.42"]
[White "Kretner, Georg-Ulrich"]
[Black "Lanz, Jürgen"]
[Result "1-0"]
[WhiteElo "1874"]
[BlackElo "1526"]
[PlyCount "49"]
[EventDate "2015.??.??"]
[WhiteTeam "SC Bad Nauheim"]
[BlackTeam "SC Hattersheim"]

1. d4 d5 2. c4 e6 3. Nc3 Nf6 4. Bg5 Be7 5. e3 O-O 6. Qc2 h6 7. h4 c6 8. O-O-O
dxc4 9. Bxc4 b5 10. Bxf6 Bxf6 11. Bd3 Qe7 12. Nf3 e5 13. Ne4 exd4 14. Nxf6+
Qxf6 15. Nxd4 Bb7 16. Be4 Na6 17. Kb1 Nb4 18. Qe2 Rab8 19. a3 Qe5 20. Qf3 Nd5
21. Nxc6 Nc3+ 22. bxc3 Qxc3 23. Rd3 Qc4 24. Rc1 Qe6 25. Qf5 1-0

[Event "Frankfurt Ch A 2015"]
[Site "Ffm-Höchst, BiKuZ"]
[Date "2015.04.27"]
[Round "1.43"]
[White "Popp, Matthias"]
[Black "Mahnke, Ralf"]
[Result "0-1"]
[WhiteElo "1522"]
[BlackElo "1873"]
[PlyCount "84"]
[EventDate "2015.??.??"]
[WhiteTeam "SC Bergen-Enkheim"]
[BlackTeam "SC Nidderau"]

1. d4 d5 2. Nf3 Nf6 3. Bf4 e6 4. e3 c5 5. c3 Nc6 6. Nbd2 Be7 7. Ne5 O-O 8. Bd3
Bd7 9. Ndf3 cxd4 10. exd4 a6 11. Qc2 Rc8 12. a3 b5 13. O-O Na5 14. Nxd7 Qxd7
15. Ne5 Qb7 16. Qe2 Nc4 17. Rfb1 Nd6 18. a4 Ra8 19. axb5 axb5 20. b4 Nde4 21.
Qb2 Rfc8 22. Rxa8 Rxa8 23. f3 Nd6 24. Ra1 Nfe8 25. Rxa8 Qxa8 26. Bc1 Qc8 27.
Qa1 Bd8 28. Bd2 Bb6 29. Kf2 f6 30. Ng4 e5 31. Ne3 Nc7 32. Qa2 Qe6 33. dxe5 fxe5
34. Ke2 Nc4 35. Bf5 Qf7 36. Qc2 g6 37. Bc8 Nd6 38. Bg4 e4 39. Qb3 Kg7 40. Qc2
h5 41. Bh3 exf3+ 42. gxf3 Qe7 0-1

[Event "Frankfurt Ch A 2015"]
[Site "Ffm-Höchst, BiKuZ"]
[Date "2015.04.27"]
[Round "1.44"]
[White "Kalepky, Helmut"]
[Black "Richter, Wolfram"]
[Result "1-0"]
[WhiteElo "1872"]
[BlackElo "1521"]
[PlyCount "75"]
[EventDate "2015.??.??"]
[WhiteTeam "SF Heidesheim"]
[BlackTeam "SK Bad Sooden-Allendorf"]

1. d4 e6 2. Nf3 Nf6 3. Bg5 Be7 4. e3 d6 5. Bd3 Nbd7 6. Nbd2 b6 7. c3 Bb7 8. Qc2
h6 9. Bxf6 Nxf6 10. O-O Rc8 11. Qa4+ c6 12. Qxa7 Qc7 13. Qa4 Ra8 14. Qc2 O-O
15. Rfd1 Ra7 16. a3 Rc8 17. e4 Qd8 18. Nf1 Ba8 19. e5 Nd5 20. Be4 Rd7 21. Bxd5
cxd5 22. Qe2 dxe5 23. Nxe5 Rd6 24. Re1 Bf6 25. Nd2 Bxe5 26. Qxe5 Bc6 27. Re3 f6
28. Qg3 Qf8 29. h4 Be8 30. Rae1 Bf7 31. Nb3 Rdc6 32. Nc1 Kh7 33. Nd3 R8c7 34.
Nf4 Qc8 35. Qg4 f5 36. Qe2 e5 37. Rxe5 Rd6 38. h5 1-0

[Event "Frankfurt Ch A 2015"]
[Site "Ffm-Höchst, BiKuZ"]
[Date "2015.04.27"]
[Round "1.45"]
[White "Muthig, Holger"]
[Black "Stock, Jürgen"]
[Result "0-1"]
[WhiteElo "1512"]
[BlackElo "1867"]
[PlyCount "80"]
[EventDate "2015.??.??"]
[WhiteTeam "vereinslos"]
[BlackTeam "SC Eschborn"]

1. d4 f5 2. c4 Nf6 3. g3 e6 4. Bg2 c6 5. Nc3 d5 6. cxd5 exd5 7. Nf3 Bd6 8. O-O
Nbd7 9. Bf4 Bxf4 10. gxf4 O-O 11. Qc2 Ne4 12. Ne5 g5 13. Nxe4 fxe4 14. Nxd7
Bxd7 15. fxg5 Qxg5 16. Qc3 Kh8 17. Qe3 Rf4 18. Kh1 Qh4 19. Qg3 Qf6 20. e3 Rg4
21. Qe5 Qxe5 22. dxe5 Rg5 23. f4 exf3 24. Rxf3 Rxe5 25. Raf1 Rae8 26. Rf7 R5e7
27. Kg1 Kg8 28. Rxe7 Rxe7 29. Rf3 Rf7 30. Kf2 Bg4 31. Rxf7 Kxf7 32. Kg3 Bf5 33.
Kf4 Ke6 34. b4 Bb1 35. a3 Kd6 36. Bh3 b6 37. Bf5 Bxf5 38. Kxf5 c5 39. e4 c4 40.
e5+ Ke7 0-1

[Event "Frankfurt Ch A 2015"]
[Site "Ffm-Höchst, BiKuZ"]
[Date "2015.04.27"]
[Round "1.46"]
[White "Fröhlich-Dill, Astrid"]
[Black "Witt, Holger"]
[Result "1/2-1/2"]
[WhiteElo "1861"]
[BlackElo "1506"]
[PlyCount "108"]
[EventDate "2015.??.??"]
[WhiteTeam "SV Hofheim"]
[BlackTeam "SC Viernheim"]

1. d4 Nf6 2. c4 e6 3. Nc3 Bb4 4. Bg5 h6 5. Bh4 g5 6. Bg3 Ne4 7. Qd3 Bxc3+ 8.
bxc3 Nxg3 9. Qxg3 d6 10. h4 gxh4 11. Qg7 Rf8 12. Qxh6 b6 13. Rxh4 Bb7 14. e4
Qe7 15. Nf3 Nd7 16. Bd3 O-O-O 17. O-O-O Kb8 18. Rdh1 e5 19. Qe3 Rg8 20. g4 Nf8
21. g5 Ng6 22. Rh7 Rh8 23. Rxh8 Rxh8 24. Rxh8+ Nxh8 25. Nh4 Ba6 26. d5 Qd7 27.
Kb2 Qa4 28. Qe2 Ng6 29. Nxg6 fxg6 30. Qf1 Kb7 31. f3 Kb8 32. Qe2 Kb7 33. Qc2
Qa5 34. a4 Qc5 35. Qe2 Qg1 36. c5 Bxd3 37. c6+ Kc8 38. Qxd3 Qxg5 39. Qf1 Kd8
40. Kc2 Qg3 41. Qh1 a5 42. Qh8+ Ke7 43. Qg7+ Ke8 44. Qg8+ Ke7 45. Qe6+ Kf8 46.
Qc8+ Kg7 47. Qxc7+ Kh6 48. Qxd6 Qf2+ 49. Kb3 Qxf3 50. Qxe5 Qd1+ 51. Kc4 Qf1+
52. Kd4 Qf2+ 53. Kc4 Qf1+ 54. Kb3 Qd1+ 1/2-1/2

[Event "Frankfurt Ch A 2015"]
[Site "Ffm-Höchst, BiKuZ"]
[Date "2015.04.27"]
[Round "1.47"]
[White "Friedel, Thomas"]
[Black "Krüger, Till"]
[Result "0-1"]
[WhiteElo "1505"]
[BlackElo "1856"]
[PlyCount "50"]
[EventDate "2015.??.??"]
[WhiteTeam "SV Groß-Gerau"]
[BlackTeam "SC Nidderau"]

1. e4 g6 2. d4 Bg7 3. Nc3 d6 4. Be3 a6 5. h3 Nd7 6. Nf3 b5 7. a3 Bb7 8. Bd3 c5
9. Qd2 Ngf6 10. O-O c4 11. e5 cxd3 12. exf6 Nxf6 13. Bh6 Bxh6 14. Qxh6 Bxf3 15.
gxf3 Qd7 16. cxd3 Qf5 17. Ne4 Nd5 18. Rfe1 Kd7 19. Qh4 h5 20. Rac1 Rac8 21. Nc3
g5 22. Qe4 Qxe4 23. dxe4 Nf4 24. Nd5 Rxc1 25. Rxc1 Ne2+ 0-1

[Event "Frankfurt Ch A 2015"]
[Site "Ffm-Höchst, BiKuZ"]
[Date "2015.04.27"]
[Round "1.48"]
[White "Kulenovic, Adnan"]
[Black "Lehmann, Gerit"]
[Result "1-0"]
[WhiteElo "1853"]
[BlackElo "1487"]
[PlyCount "79"]
[EventDate "2015.??.??"]
[WhiteTeam "SC Rodenbach"]
[BlackTeam "SF Frankfurt"]

1. a3 d5 2. e4 dxe4 3. Nc3 Nf6 4. Qe2 e6 5. Nxe4 Be7 6. Nf3 Nbd7 7. g3 b6 8.
Bg2 Bb7 9. Nxf6+ Nxf6 10. O-O O-O 11. b3 c5 12. Bb2 Qc7 13. d3 Rfd8 14. Rae1 a6
15. Ne5 Bxg2 16. Kxg2 Nd7 17. Kg1 Nxe5 18. Bxe5 Bd6 19. Bb2 Re8 20. Qg4 e5 21.
Re2 Re7 22. Rfe1 Rae8 23. Qe4 f6 24. Qc4+ Kf8 25. Qxa6 Qb7 26. Qxb7 Rxb7 27. f4
Rbe7 28. fxe5 Bxe5 29. Bxe5 Rxe5 30. Rxe5 Rxe5 31. Rxe5 fxe5 32. Kf2 Ke7 33.
Ke3 Ke6 34. Ke4 g6 35. b4 cxb4 36. axb4 Kd6 37. c4 h6 38. c5+ bxc5 39. bxc5+
Kxc5 40. Kxe5 1-0

[Event "Frankfurt Ch A 2015"]
[Site "Ffm-Höchst, BiKuZ"]
[Date "2015.04.27"]
[Round "1.49"]
[White "Lessmann, Sven"]
[Black "Dreis, Volker"]
[Result "1/2-1/2"]
[WhiteElo "1482"]
[BlackElo "1847"]
[PlyCount "72"]
[EventDate "2015.??.??"]
[WhiteTeam "SC Bad Soden"]
[BlackTeam "SV Frankfurt Nord"]

1. d4 Nf6 2. c4 e6 3. Nc3 Bb4 4. Qc2 c5 5. Nf3 Nc6 6. a3 Bxc3+ 7. Qxc3 Ne4 8.
Qc2 f5 9. e3 b6 10. Bd3 Nf6 11. O-O O-O 12. Bd2 Bb7 13. b4 cxd4 14. exd4 Rc8
15. b5 Ne7 16. Be2 Ne4 17. Bb4 d6 18. Qb3 Rf6 19. Rfd1 g5 20. Ne5 Qe8 21. f3
dxe5 22. fxe4 exd4 23. e5 Rh6 24. Rxd4 g4 25. Qg3 Be4 26. Bd2 Rg6 27. Rf1 Rd8
28. Rxd8 Qxd8 29. Bb4 Qd4+ 30. Kh1 Rg7 31. Rd1 Qb2 32. Rd8+ Kf7 33. Qh4 Bxg2+
34. Kxg2 Qxe2+ 35. Kg1 Qe3+ 36. Kg2 Qe2+ 1/2-1/2

[Event "Frankfurt Ch A 2015"]
[Site "Ffm-Höchst, BiKuZ"]
[Date "2015.04.27"]
[Round "1.50"]
[White "Zimmer, Gerald"]
[Black "Wich, Manuela"]
[Result "1-0"]
[WhiteElo "1819"]
[BlackElo "1441"]
[PlyCount "81"]
[EventDate "2015.??.??"]
[WhiteTeam "SC Bergen-Enkheim"]
[BlackTeam "SF Friedberg"]

1. d4 Nf6 2. g3 d5 3. Bg2 c6 4. Nf3 e6 5. O-O Be7 6. c4 O-O 7. Nc3 dxc4 8. Ne5
Nbd7 9. Nxc4 Nd5 10. Ne4 b5 11. Ne5 Nxe5 12. dxe5 Bb7 13. Nd6 Bxd6 14. exd6 Qd7
15. e4 Nb6 16. e5 c5 17. Bxb7 Qxb7 18. Qg4 f5 19. Qe2 a6 20. b3 Rac8 21. Bd2
Nd7 22. Rac1 Qd5 23. f4 c4 24. bxc4 bxc4 25. Rfd1 Qc6 26. Be3 c3 27. Rc2 Qc4
28. Qxc4 Rxc4 29. Rb1 Rb8 30. Rxb8+ Nxb8 31. Kf1 Kf7 32. Ke2 Nc6 33. a3 Na5 34.
Kd3 Ke8 35. Bb6 Ra4 36. Rxc3 Nb7 37. Rc8+ Nd8 38. Rxd8+ Kf7 39. Bc5 Ra5 40. Rc8
Rb5 41. d7 1-0

[Event "Frankfurt Ch A 2015"]
[Site "Ffm-Höchst, BiKuZ"]
[Date "2015.04.27"]
[Round "1.51"]
[White "Thomsen, Walter Matias"]
[Black "Bittner, Peter"]
[Result "1/2-1/2"]
[WhiteElo "1418"]
[BlackElo "1814"]
[PlyCount "64"]
[EventDate "2015.??.??"]
[WhiteTeam "SC Bad Soden"]
[BlackTeam "SC Nied"]

1. d4 c6 2. c4 d5 3. Nc3 Nf6 4. Bg5 Nbd7 5. e3 e6 6. Nf3 Be7 7. cxd5 exd5 8.
Bd3 h6 9. Bh4 Ne4 10. Bxe7 Qxe7 11. O-O O-O 12. Bxe4 dxe4 13. Nd2 f5 14. f3
exf3 15. Rxf3 Nf6 16. h3 b5 17. a3 Be6 18. Qe2 Rae8 19. Re1 Qd7 20. Rf2 a5 21.
Nf3 Bc4 22. Qc2 Ne4 23. Nxe4 fxe4 24. Ne5 Rxf2 25. Qxf2 Qe6 26. Rc1 Bd5 27. Qg3
Rf8 28. Ng6 Rf6 29. Qb8+ Kf7 30. Ne5+ Ke7 31. Qc7+ Ke8 32. Qb8+ Ke7 1/2-1/2

[Event "Frankfurt Ch A 2015"]
[Site "Ffm-Höchst, BiKuZ"]
[Date "2015.04.27"]
[Round "1.52"]
[White "Gutacker, Stephan"]
[Black "Stulken, Dietmar"]
[Result "1-0"]
[WhiteElo "1809"]
[BlackElo "1392"]
[PlyCount "71"]
[EventDate "2015.??.??"]
[WhiteTeam "Sfr. Kelkheim"]
[BlackTeam "SF Frankfurt"]

1. e4 e5 2. Nf3 Nc6 3. d4 exd4 4. Nxd4 Qh4 5. Nc3 Bb4 6. Be2 Bxc3+ 7. bxc3 Qxe4
8. Nb5 Kd8 9. O-O a6 10. Bf3 Qc4 11. Nd4 Nxd4 12. cxd4 d5 13. Bg5+ f6 14. Bf4
Be6 15. Re1 Bf7 16. a4 Ne7 17. a5 Re8 18. Rb1 Rb8 19. Qd2 g5 20. Bg3 h5 21. h4
g4 22. Be2 Qc6 23. Bd3 f5 24. Be5 Kd7 25. Qg5 Qg6 26. Qf4 Qc6 27. Rb2 Qc3 28.
Reb1 Be6 29. Rxb7 Rxb7 30. Rxb7 Rc8 31. Bxa6 Qxa5 32. Bb5+ Kd8 33. Bxc7+ Rxc7
34. Rb8+ Nc8 35. Qd6+ Bd7 36. Qf8+ 1-0

[Event "Frankfurt Ch A 2015"]
[Site "Ffm-Höchst, BiKuZ"]
[Date "2015.04.27"]
[Round "1.53"]
[White "Bernhardt, Winfried"]
[Black "Hochmuth, Christian"]
[Result "0-1"]
[WhiteElo "1385"]
[BlackElo "1795"]
[PlyCount "136"]
[EventDate "2015.??.??"]
[WhiteTeam "SV Nauheim"]
[BlackTeam "SG Wächtersbach"]

1. e4 c6 2. Nc3 d5 3. exd5 cxd5 4. d4 Nf6 5. Nf3 Bg4 6. h3 Bxf3 7. Qxf3 a6 8.
a4 e6 9. Be2 Qb6 10. Qe3 Nc6 11. O-O Qxd4 12. Rd1 Qxe3 13. Bxe3 Be7 14. Na2 O-O
15. c4 Rfd8 16. Bb6 Rd7 17. Nc3 d4 18. Na2 Bd8 19. Bxd8 Raxd8 20. Rd3 Ne5 21.
Rb3 d3 22. Bf3 Nxc4 23. Rd1 Na5 24. Rc3 d2 25. b4 Nc6 26. Bxc6 bxc6 27. Rxc6
Rd6 28. Rc2 Kf8 29. Kf1 Rd4 30. f3 Nd5 31. Ke2 Nxb4 32. Nxb4 Rxb4 33. Rcxd2
Rxd2+ 34. Rxd2 Rxa4 35. Kd3 Ke7 36. Kc3 Kf6 37. Kb3 Ra1 38. Kb2 Ra5 39. Kb3 Rd5
40. Ra2 a5 41. Kc4 Kg5 42. g3 Kf6 43. g4 Kg5 44. Ra3 Kf4 45. h4 h5 46. g5 Kg3
47. Re3 Kxh4 48. g6 f6 49. Rxe6 Rg5 50. Ra6 Rxg6 51. Rxa5 Rg5 52. Ra3 Kg3 53.
Kd4 h4 54. Ke4 Re5+ 55. Kd4 Kf4 56. Ra7 g5 57. Rf7 f5 58. Rg7 Ra5 59. Kd3 h3
60. Ke2 h2 61. Rh7 Ra2+ 62. Kf1 Kxf3 63. Rh3+ Kg4 64. Rh7 Kg3 65. Rh5 g4 66.
Rh6 Ra1+ 67. Ke2 h1=Q 68. Rxh1 Rxh1 0-1